• 首页
  • 本馆介绍
  • 公告通知
  • 最新文献
  • 馆藏检索
  • 电子资源
  • 读者导购
  • 参考咨询
  • 我的图书馆
  • 登录
  • 详细信息显示
  • 放入我的书架
  • 预约/预借图书
  • 作者相关作品
  • 分类相关作品
  • 丛书相关作品
  • 出版社相关作品

书目信息

  • 表格格式
  • 工作单格式
  • 卡片格式
题名:
汽车电器与电子技术
    
 
作者: 孙仁云 , 付百学 主编
分册:  
出版信息: 北京   机械工业出版社  2021.1
页数: 11,484页
开本: 26cm
丛书名:
单 册:
中图分类: U463.6
科图分类:
主题词: 汽车--电器--高等学校--教材 , 汽车--电子技术--高等学校--教材
电子资源:
ISBN: 978-7-111-62955-9
000 01539nam0 2200313 45
001 012001001741
005 20211013152548.74
010    @a978-7-111-62955-9@dCNY78.00
100    @a20200612d2020 em y0chiy50 ea
101 0  @achi
102    @aCN@b110000
105    @aa z 000yy
106    @ar
200 1  @a汽车电器与电子技术@Aqi che dian qi yu dian zi ji shu@b专著@f孙仁云,付百学主编
205    @a3版
210    @a北京@c机械工业出版社@d2021.1
215    @a11,484页@c图,照片@d26cm
300    @a“十三五”国家重点出版物出版规划项目 现代机械工程系列精品教材 普通高等教育“十三五”汽车类规划教材 普通高等教育车辆工程专业规划教材
300    @a并列题名:Automobile electrical equipment and electronic technology
312    @a封面英文题名:Automobile electrical equipment and electronic technology
330    @a本书共分十四章,分别讲述了汽车电器和汽车电子控制技术的相关内容,反映汽车发展的新技术,如“新能源和无人驾驶汽车电器技术”“发动机电控系统”“制动力分配”“电子差速锁”“电子机械制动系统”“智能型安全气囊”“防/避撞控制系统”“再生制动控制”“电动助力转向控制技术”“电控悬架系统”“车载网络技术”“稳定性控制系统”“汽车线控技术”“驾驶辅助系统”“无人驾驶汽车”等内容。
510 1  @aAutomobile electrical equipment and electronic technology@zeng
606 0  @a汽车@x电器@x高等学校@j教材
606 0  @a汽车@x电子技术@x高等学校@j教材
690    @aU463.6@v5
701  0 @a孙仁云@Asun ren yun@4主编
701  0 @a付百学@Afu bai xue@4主编
801  0 @aCN@bBJSDL@c20211011
905    @b1337033-6@dU463.6@e1064=3@f4
    
    汽车电器与电子技术/孙仁云,付百学主编.-3版.-北京:机械工业出版社,2021.1
    11,484页:图,照片;26cm
    “十三五”国家重点出版物出版规划项目 现代机械工程系列精品教材 普通高等教育“十三五”汽车类规划教材 普通高等教育车辆工程专业规划教材.-并列题名:Automobile electrical equipment and electronic technology
    
    ISBN 978-7-111-62955-9:CNY78.00
    本书共分十四章,分别讲述了汽车电器和汽车电子控制技术的相关内容,反映汽车发展的新技术,如“新能源和无人驾驶汽车电器技术”“发动机电控系统”“制动力分配”“电子差速锁”“电子机械制动系统”“智能型安全气囊”“防/避撞控制系统”“再生制动控制”“电动助力转向控制技术”“电控悬架系统”“车载网络技术”“稳定性控制系统”“汽车线控技术”“驾驶辅助系统”“无人驾驶汽车”等内容。
●
相关链接 在E读中查询图书 在五车中查询图书 在当当中查询图书 在豆瓣中查询图书


正题名:汽车电器与电子技术     索取号:U463.6/1064=3         预约/预借

序号 登录号 条形码 馆藏地/架位号 状态 备注
1 1337033   213370332   第二样本阅览室/ [索取号:U463.6/1064=3] 在馆    
2 1337034   213370341   第三借阅区/ [索取号:U463.6/1064=3] 在馆    
3 1337035   213370350   第三借阅区/ [索取号:U463.6/1064=3] 在馆    
4 1337036   213370369   第三借阅区/ [索取号:U463.6/1064=3] 在馆    
唐山师范学院图书馆 欢迎您!
大连网信软件有限公司© 版权所有